000 00440nam a22001697a 4500
005 20180727162554.0
008 160624b xxu||||| |||| 00| 0 eng d
020 _a0-7069-9905-3
041 _aeng
082 _b9872
_a658.3
100 _aDavar, R.S.
_92428
245 _aPersonnal Management & Industrial Relations
260 _aNew Delhi
_bVikas Publishing House (P) Ltd.
300 _a421p,
650 _aManagement
_9241
942 _cBK
999 _c3880
_d3879